000
00222nam a2200097Ia 4500
008
240331s9999 xx 000 0 und d
082
_b
MAR
100
_a
Abeysegara, C. ed
245
0
_a
Marttuk karuththin mathippu
942
_c
L
999
_c
3632
_d
3632